[Event "Kouty nad Desnou op-A"]
[Site "Kouty nad Desnou"]
[Date "2024.03.12"]
[Round "5"]
[White "Brabencova, Aneta"]
[Black "Stavova, Helena"]
[Result "1-0"]
[WhiteElo "1603"]
[BlackElo "1697"]
[PlyCount "73"]
[EventDate "2024.03.09"]
[EventType "swiss"]
[EventRounds "9"]
[EventCountry "CZE"]
[SourceTitle "CB13_2024"]
[SourceDate "2024.03.27"]
[SourceVersion "1"]
[SourceVersionDate "2024.03.27"]
[SourceQuality "1"]

1. e4 Nf6 2. e5 Nd5 3. d4 d6 4. Nf3 Bg4 5. Bc4 Nb6 6. Bxf7+ Kxf7 7. Ng5+ Kg8 8. Qxg4 Qd7 9. e6 Qe8 10. Qf3 g6 11. Nf7 Nc6 12. Be3 Bg7 13. Nxh8 Kxh8 14. c3 Qg8 15. Qh3 Nd8 16. 0-0 Nxe6 17. Re1 Rf8 18. Nd2 Qf7 19. Qf3 Qe8 20. Qg3 Nd8 21. Bg5 Nd5 22. Re2 h6 23. Be3 e5 24. Rae1 Ne6 25. dxe5 Bxe5 26. Qh4 Rf7 27. Bd4 g5 28. Bxe5+ dxe5 29. Qe4 Ndf4 30. Qxe5+ Kg8 31. Re3 Qc6 32. Qe4 Qd7 33. Nf3 Re7 34. Ne5 Qe8 35. g3 Rg7 36. Kh1 Nh3 37. Ng4 1-0

[Event "Morava-ch"]
[Site "Orlova"]
[Date "2023.10.26"]
[Round "5"]
[White "Ptacek, Vladimir"]
[Black "Stavova, Helena"]
[Result "0-1"]
[WhiteElo "1229"]
[BlackElo "1522"]
[PlyCount "30"]
[EventDate "2023.10.24"]
[EventType "swiss"]
[EventRounds "9"]
[EventCountry "CZE"]
[SourceTitle "Mega2024 Update 01"]
[Source "Chessbase"]
[SourceDate "2023.11.12"]
[SourceVersion "1"]
[SourceVersionDate "2023.11.12"]
[SourceQuality "1"]

1. e4 e5 2. Nf3 Nc6 3. d4 exd4 4. Bc4 Nf6 5. e5 d5 6. Bb5 Ne4 7. 0-0 Bc5 8. Nxd4 Bd7 9. Bxc6 bxc6 10. Be3 Bb6 11. f3 Ng5 12. f4 Ne4 13. Nc3 c5 14. Nxe4 cxd4 15. Bxd4 dxe4 0-1

[Event "Ceske Budejovice op-A"]
[Site "Ceske Budejovice"]
[Date "2023.07.03"]
[Round "3"]
[White "Svejda, Karel"]
[Black "Stavova, Helena"]
[Result "1-0"]
[WhiteElo "1785"]
[BlackElo "1440"]
[PlyCount "85"]
[EventDate "2023.07.01"]
[EventType "swiss"]
[EventRounds "9"]
[EventCountry "CZE"]
[SourceTitle "CBM 215 Extra"]
[Source "ChessBase"]
[SourceDate "2023.09.30"]
[SourceVersion "1"]
[SourceVersionDate "2023.09.30"]
[SourceQuality "1"]

1. d4 d5 2. Bf4 Nf6 3. e3 e6 4. c3 c5 5. Nd2 Nc6 6. Ngf3 Bd6 7. Bg3 b6 8. Ne5 Qc7 9. f4 Bb7 10. Bd3 0-0 11. 0-0 g6 12. Ng4 Nh5 13. Qf3 Ne7 14. Bh4 Nf5 15. Nf6+ Nxf6 16. Bxf6 Be7 17. Be5 Qd8 18. g4 Ng7 19. g5 c4 20. Bc2 f6 21. gxf6 Bxf6 22. Qh3 Qe7 23. Nf3 Nf5 24. Bxf5 exf5 25. Kh1 Rf7 26. Rg1 Kf8 27. Ng5 Bxg5 28. Rxg5 Ke8 29. Qg3 Kd7 30. h4 Rg8 31. Kg2 Qe6 32. h5 Re7 33. Rh1 Qf7 34. hxg6 hxg6 35. Rh6 Re6 36. Kf3 Bc6 37. Qh4 Re7 38. Rg2 Kc8 39. Kf2 a6 40. Qg5 Re6 41. Rgh2 Qd7 42. Rh7 Re7 43. Rxe7 1-0

[Event "Ceske Budejovice op-A"]
[Site "Ceske Budejovice"]
[Date "2023.07.01"]
[Round "1"]
[White "Babicka, Michal"]
[Black "Stavova, Helena"]
[Result "1-0"]
[WhiteElo "1996"]
[BlackElo "1440"]
[PlyCount "60"]
[EventDate "2023.07.01"]
[EventType "swiss"]
[EventRounds "9"]
[EventCountry "CZE"]
[SourceTitle "CBM 215 Extra"]
[Source "ChessBase"]
[SourceDate "2023.09.30"]
[SourceVersion "1"]
[SourceVersionDate "2023.09.30"]
[SourceQuality "1"]

1. c4 e5 2. Nc3 Nc6 3. g3 g6 4. Bg2 Bg7 5. e3 d6 6. Nge2 Nge7 7. 0-0 0-0 8. d4 exd4 9. Nxd4 Bd7 10. b3 Re8 11. Bb2 Qc8 12. Qd2 Bh3 13. Nxc6 Nxc6 14. Nd5 Bxg2 15. Kxg2 Qd8 16. Rae1 Ne5 17. f4 Nd7 18. Bxg7 Kxg7 19. Qd4+ Kg8 20. Rd1 f6 21. h4 f5 22. h5 Kf7 23. hxg6+ Kxg6 24. Rh1 Rf8 25. e4 Nc5 26. exf5+ Rxf5 27. Rde1 Rf7 28. f5+ Rxf5 29. Ne7+ Kf7 30. Rxh7+ Kf8 1-0

[Event "CZE-ch U14 Girls"]
[Site "Kouty nad Desnou"]
[Date "2020.03.12"]
[Round "7"]
[White "Kostkova, Katerina"]
[Black "Stavova, Helena"]
[Result "0-1"]
[WhiteElo "1068"]
[BlackElo "1146"]
[PlyCount "72"]
[EventDate "2020.03.07"]
[EventType "swiss"]
[EventRounds "7"]
[EventCountry "CZE"]
[SourceTitle "CBM 195 Extra"]
[Source "ChessBase"]
[SourceDate "2020.05.31"]
[SourceVersion "1"]
[SourceVersionDate "2020.05.31"]
[SourceQuality "1"]

1. e4 e5 2. f4 exf4 3. Nf3 Be7 4. h4 Nf6 5. Nc3 d5 6. d3 Nc6 7. Bxf4 Bg4 8. Qd2 dxe4 9. dxe4 Qxd2+ 10. Bxd2 0-0-0 11. Be2 h6 12. 0-0-0 Bb4 13. Bd3 Rhe8 14. Rde1 Nh5 15. Nd5 Bxd2+ 16. Nxd2 Ng3 17. Rhg1 Nd4 18. Nf4 g5 19. hxg5 hxg5 20. c3 gxf4 21. cxd4 Rxd4 22. Bf1 Nxe4 23. Rh1 Rxd2 24. Rxe4 Rd1+ 25. Kc2 Rxe4 26. Rh8+ Kd7 27. Bd3 Rd4 28. Rh4 R1xd3 29. Rxg4 Rg3 30. Rh4 Rxg2+ 31. Kc3 Re4 32. Rh1 f3 33. Rd1+ Ke6 34. Rf1 f2 35. Rh1 Re1 36. Rxe1+ fxe1Q+ 0-1

[Event "CZE-ch U14 Girls"]
[Site "Kouty nad Desnou"]
[Date "2020.03.09"]
[Round "3"]
[White "Ticha, Sofie"]
[Black "Stavova, Helena"]
[Result "1/2-1/2"]
[WhiteElo "1216"]
[BlackElo "1146"]
[PlyCount "71"]
[EventDate "2020.03.07"]
[EventType "swiss"]
[EventRounds "7"]
[EventCountry "CZE"]
[SourceTitle "CBM 195 Extra"]
[Source "ChessBase"]
[SourceDate "2020.05.31"]
[SourceVersion "1"]
[SourceVersionDate "2020.05.31"]
[SourceQuality "1"]

1. e4 e5 2. Nf3 Nc6 3. d4 exd4 4. Bc4 Nf6 5. 0-0 Nxe4 6. Re1 d5 7. Bxd5 Qxd5 8. Nc3 Qh5 9. Nxe4 Be6 10. Bg5 Bd6 11. Nxd6+ cxd6 12. Bf4 Rd8 13. Bg5 Rc8 14. c3 0-0 15. cxd4 Bg4 16. Bf4 d5 17. Rc1 Rfe8 18. Qd3 Bxf3 19. gxf3 Re6 20. Rxe6 fxe6 21. Kh1 Rf8 22. Qe3 Qf5 23. Bd6 Qxf3+ 24. Qxf3 Rxf3 25. Kg2 Rf7 26. b4 h6 27. Bc5 b6 28. Bxb6 Nxb4 29. Bc5 Nd3 30. Rf1 e5 31. f3 Nf4+ 32. Kg3 Ne2+ 33. Kf2 Nxd4 34. Bxd4 exd4 35. Rd1 Rf4 36. Rd3 1/2-1/2

[Event "CZE-ch U14 Girls"]
[Site "Kouty nad Desnou"]
[Date "2020.03.08"]
[Round "2"]
[White "Stavova, Helena"]
[Black "Nespora, Tatana"]
[Result "1/2-1/2"]
[WhiteElo "1146"]
[BlackElo "1310"]
[PlyCount "128"]
[EventDate "2020.03.07"]
[EventType "swiss"]
[EventRounds "7"]
[EventCountry "CZE"]
[SourceTitle "CBM 195 Extra"]
[Source "ChessBase"]
[SourceDate "2020.05.31"]
[SourceVersion "1"]
[SourceVersionDate "2020.05.31"]
[SourceQuality "1"]

1. e4 c5 2. Nf3 Nc6 3. c3 d5 4. d3 dxe4 5. dxe4 Qxd1+ 6. Kxd1 Bg4 7. Be2 Nf6 8. e5 Nd5 9. c4 Ndb4 10. Bf4 Rd8+ 11. Nbd2 e6 12. a3 Nd3 13. Bxd3 Rxd3 14. Ke2 Rd8 15. Rhd1 Nd4+ 16. Kf1 Be7 17. Be3 Nc2 18. Rac1 Nxe3+ 19. fxe3 0-0 20. Ne4 h6 21. h3 Bf5 22. Nd6 Bxd6 23. exd6 Be4 24. Ne5 f6 25. Nd3 Bxd3+ 26. Rxd3 Rd7 27. b4 b6 28. e4 Rfd8 29. Rcd1 Kf7 30. Kf2 Ke8 31. Kf3 Rc8 32. Rc1 Rc6 33. Rcc3 Rcxd6 34. Ke3 Rd4 35. Rb3 Rxc4 36. Rxd7 Kxd7 37. Kd3 Rd4+ 38. Ke3 Rc4 39. Kd3 Rc1 40. Rb2 c4+ 41. Kd2 c3+ 42. Kxc1 cxb2+ 43. Kxb2 Kd6 44. Kc3 Ke5 45. Kd3 Kf4 46. Kd4 g5 47. a4 h5 48. a5 bxa5 49. bxa5 g4 50. Kc5 Kg3 51. Kc6 f5 52. exf5 exf5 53. hxg4 hxg4 54. Kb7 f4 55. Kxa7 f3 56. gxf3 gxf3 57. a6 f2 58. Kb7 f1Q 59. a7 Qb1+ 60. Ka8 Qe4+ 61. Kb8 Qe8+ 62. Kb7 Qd7+ 63. Kb8 Qd6+ 64. Kb7 Qd5+ 1/2-1/2

[Event "CZE-ch U14 Girls"]
[Site "Kouty nad Desnou"]
[Date "2020.03.07"]
[Round "1"]
[White "Markova, Karolina"]
[Black "Stavova, Helena"]
[Result "1-0"]
[WhiteElo "1497"]
[BlackElo "1146"]
[PlyCount "71"]
[EventDate "2020.03.07"]
[EventType "swiss"]
[EventRounds "7"]
[EventCountry "CZE"]
[SourceTitle "CBM 195 Extra"]
[Source "ChessBase"]
[SourceDate "2020.05.31"]
[SourceVersion "1"]
[SourceVersionDate "2020.05.31"]
[SourceQuality "1"]

1. e4 e5 2. f4 d5 3. exd5 e4 4. Nc3 Nf6 5. Nge2 Bf5 6. Ng3 Bg4 7. Be2 Bxe2 8. Qxe2 Be7 9. 0-0 0-0 10. Ngxe4 Nxd5 11. Nxd5 Qxd5 12. Qf3 Nd7 13. d3 f5 14. Ng5 Qxf3 15. Nxf3 Nf6 16. Re1 Bd6 17. Bd2 Rac8 18. g3 c5 19. Ne5 Rfe8 20. Kg2 Bxe5 21. Rxe5 Rxe5 22. fxe5 Ng4 23. Re1 Re8 24. h3 Nh6 25. Bxh6 gxh6 26. Kf3 Kf7 27. Kf4 Kg6 28. e6 Kf6 29. e7 b6 30. Re5 Rxe7 31. Rxe7 Kxe7 32. Kxf5 Kf7 33. g4 Kg7 34. c3 Kf7 35. d4 cxd4 36. cxd4 1-0